000 00413cam a22000977a 4500
008 180718b1986 xxu||||| |||| 00| 0 eng d
082 _aR11x5453 K45s
245 _aReport on the growth of employment in public sector undertakings during the sixth five year plan
_cby Department of Economics and Statistics
260 _aKerala
_bGovernment of Kerala
_c1986
700 _aTrivandrum. Department of Economics and Statistics
999 _c495592
_d495592